00829 a2200229 4500020001800000020002200018020001800040020002200058040001300080245008700093250001700180260005700197300002500254650002100279650003200300700002700332700002600359740004900385942002100434999001500455952012900470 a0-19-860864-0 a978-0-19-860864-6 a0-19-861010-6 a978-0-19-861010-6 aDLCbDLC04aThe concise Oxford English dictionarycedited by Catherine Soanes, Angus Stevenson a11. rev. ed. aOxford ;aNew York :bOxford University Press,c2004 axx, 1708 s. ;c25 cm 0aEnglish language 0aEnglish languagexNew words1 aSoanes, Catherine4edt1 aStevenson, Angus4edt0 aConcise Oxford dictionary of current English cBKk423 SOA2ddc c4779d4779 001040708NFICaCLbCLcGENd2005-01-15eAcademic Book Companyg1252.21o423 SOApSEECS005253r2012-11-14w2017-01-05yREF